Law for Malaysia Managers

Bibliographic Details
Main Author: D.P. Vijandran
Format: Book
Published: Selangor, Malaysia : Pelanduk Publications , 1987
Subjects:

MARC

LEADER 00000cam a2200000 7i4500
001 0000000556
005 20050429.0
020 |a 9679781712 
040 |a INS 
090 0 0 |a HD59.   |b V54 1987 
100 1 |a D.P. Vijandran 
245 1 4 |a Law for Malaysia Managers   |c D.P. Vijandran 
260 |a Selangor, Malaysia :   |b Pelanduk Publications ,   |c 1987 
300 |a 134 p ;   |c 22 cm. 
650 0 0 |a Executive   |z Malaysia   |x Law and legislation   |a Management 
999 |a 0000002460   |b BOOK   |c Open Shelf   |e Default branch